Loading...

ഇന്ത്യാ ചരിത്രം /

Bibliografiske detaljer
Hovedforfatter: ആന്‍ഡ്രൂസ്, ജിമ്മി
Andre forfattere: Andrews, Jimmy
Format: Printed Book
Sprog:English
Udgivet: 1987.
Fag:
LEADER 00649nam a22001697a 4500
008 171104b xxu||||| |||| 00| 0 eng d
999 |c 20461  |d 20461 
082 |a C 954  |b AND 
100 |a ആന്‍ഡ്രൂസ്, ജിമ്മി 
240 |a India charithram 
245 |a ഇന്ത്യാ ചരിത്രം /  |c ജിമ്മി ആന്‍ഡ്രൂസ് 
260 |c 1987. 
300 |a 245p. 
650 |a Indian history 
700 |a Andrews, Jimmy 
942 |2 ddc  |c REF 
952 |0 0  |1 0  |2 ddc  |4 0  |6 C_954_000000000000000_AND  |7 0  |9 28403  |a MAIN  |b MAIN  |d 2017-11-04  |e Chirakkal Koya Shekharam  |g 16.00  |o C 954 AND  |p 10649  |r 2017-11-04  |w 2017-11-04  |y REF